Public sector management / (Record no. 172646)

MARC details
000 -LEADER
fixed length control field 00906cam a22002658i 4500
001 - CONTROL NUMBER
control field 021441241
003 - CONTROL NUMBER IDENTIFIER
control field OSt
005 - DATE AND TIME OF LATEST TRANSACTION
control field 20260211143004.0
008 - FIXED-LENGTH DATA ELEMENTS--GENERAL INFORMATION
fixed length control field 240212s2024 caua b 001|0|eng|d
020 ## - INTERNATIONAL STANDARD BOOK NUMBER
International Standard Book Number 9781529774566 (Paperback)
Terms of availability USD 52.00
040 ## - CATALOGING SOURCE
Original cataloging agency StDuBDS
Language of cataloging eng
Transcribing agency StDuBDS
Description conventions rda
Modifying agency NUST
050 ## - LIBRARY OF CONGRESS CALL NUMBER
Classification number JN425 FLY
100 1# - MAIN ENTRY--PERSONAL NAME
Personal name Flynn, Norman
Relator term Author
245 10 - TITLE STATEMENT
Title Public sector management /
Statement of responsibility, etc. Norman Flynn and Alberto Asquer.
250 ## - EDITION STATEMENT
Edition statement Eighth edition.
260 ## - PUBLICATION, DISTRIBUTION, ETC.
Place of publication, distribution, etc. London :
Name of publisher, distributor, etc. Sage,
Date of publication, distribution, etc. ©2024.
300 ## - PHYSICAL DESCRIPTION
Extent xx, 276 pages :
Other physical details Illustrations ;
Dimensions 25 cm.
336 ## - CONTENT TYPE
Content type term text
Source rdacontent
Content type code txt
337 ## - MEDIA TYPE
Media type term unmediated
Source rdamedia
Media type code n
338 ## - CARRIER TYPE
Carrier type term volume
Source rdacarrier
Carrier type code nc
504 ## - BIBLIOGRAPHY, ETC. NOTE
Bibliography, etc. note Includes bibliographical references and index.
650 #0 - SUBJECT ADDED ENTRY--TOPICAL TERM
Topical term or geographic name entry element Public administration
Geographic subdivision Great Britain.
700 1# - ADDED ENTRY--PERSONAL NAME
Personal name Asquer, Alberto
Relator term Author
942 ## - ADDED ENTRY ELEMENTS (KOHA)
Source of classification or shelving scheme Library of Congress Classification
Koha item type Ordinary Loan Books
Edition Eighth edition.
Classification part JN425 FLY
Call number prefix JN
Call number suffix FLY
Suppress in OPAC No
Holdings
Withdrawn status Lost status Source of classification or shelving scheme Damaged status Not for loan Collection Home library Current library Shelving location Date acquired Source of acquisition Cost, normal purchase price Total Checkouts Full call number Barcode Date last seen Accession number Cost, replacement price Price effective from Koha item type Public note
    LCC     NFIC MAIN MAIN GEN 02/11/2026 Book Aid International 52.00   JN425 FLY 92004057927 02/11/2026 63473 52.00 02/11/2026 BOOKS Donation